| 000 | 01386nam a22002657a 4500 | ||
|---|---|---|---|
| 001 | 5339 | ||
| 003 | FISKH | ||
| 005 | 20250609155001.0 | ||
| 008 | 241127b cb ||||| |||| 00| 0 eng d | ||
| 020 | _a9780545584418 | ||
| 040 |
_aFISKH _beng _cFISKH _dFISKH |
||
| 050 | _aGV867.G65 | ||
| 082 | _a796.357 | ||
| 100 |
_aGolenbock, Peter _d(1946-) |
||
| 245 |
_aABCs of baseball / _cby Peter Golenboack Pictures by Dan Andreasen |
||
| 250 | _aFirst printing in 2013 | ||
| 260 |
_aNew York : _bScholastic, _c2013. |
||
| 300 |
_a32 pages : _bColor illustrations ; _c21 cm |
||
| 520 | _a"From young to old, new to tried-and-true, here is the baseball book for every fan. With one or more baseball-related terms for each letter arranged in alphabetic order, accompanied by a stirring illustration, this gorgeous compendium celebrates America's game. Large paintings of scenes alternate with scrapbook-style pages. Facts, figures, faces, lists, and other information comprise an additional resource in the back of the book. As contemporary as today's sports page and as nostalgic as an old baseball card, this is an alphabet book for kids, their parents and grandparents that can be used all through the year." -- Provided by publisher. | ||
| 650 |
_2Alphabet _aSports |
||
| 650 |
_2Baseball _aNon-fiction |
||
| 700 |
_aAndreasen, Dan _dIllustrator |
||
| 942 |
_2ddc _cBK _n0 |
||
| 999 |
_c5339 _d5339 |
||